000 00624nam a22001817a 4500
999 _c177347
_d177347
005 20210219110458.0
010 _aENG-129038
020 _c299.00
_a978-1-5293-8623-3
035 _aEN-112570
037 _bDBAD/PUB
082 _a485
100 _aJovin, Ellen
245 _aEnglish at work: find and fix your mistakes in business English as a foreign language/
_cEllen Jovin
260 _aGurugram
_bHachette Book Publishing India Pvt. Ltd.
_c2019
270 _bGurugram
_a4th/5th Floors, Corporate Centre, Plot No- 94, Sec- 44
_e122003
300 _axi+173p.
_c24cm(pbk)
942 _2ddc
_cEN
_h485
_mJOV